[Event "ODEM U25B 2012"]
[Site "Oberhof GER"]
[Date "2012.05.27"]
[Round "1"]
[White "Friedrich, Robert"]
[Black "Niewrzol, Anton"]
[Result "1-0"]
[Termination "normal"]
[Board "25"]
[WhiteElo "1350"]
[BlackElo "896"]
[PlyCount "31"]
[WhiteFideId "1271541"]
[EventCountry "GER"]
[EventRounds "9"]
[EventType "swiss"]
[EventDate "2012.05.26"]

1. e4 e5 2. Nf3 Nc6 3. Bc4 Nf6 4. d3 Be7 5. c3 d6 6. Be3 d5 7. exd5 Nxd5 8. O-O
Nxe3 9. fxe3 Bc5 10. d4 Bg4 11. dxc5 Qf6 12. Qc2 Qf5 13. Qxf5 Bxf5 14. Ng5 f6
15. Rxf5 O-O-O 16. Ne4 1-0

[Event "ODEM U25B 2012"]
[Site "Oberhof GER"]
[Date "2012.05.27"]
[Round "1"]
[White "Abicht, Aruna Sophia"]
[Black "Focke, Adrian"]
[Result "0-1"]
[Termination "normal"]
[Board "26"]
[WhiteElo "892"]
[BlackElo "1312"]
[PlyCount "82"]
[BlackFideId "12969869"]
[EventCountry "GER"]
[EventRounds "9"]
[EventType "swiss"]
[EventDate "2012.05.26"]

1. e4 e5 2. Nf3 Nc6 3. Nc3 Nf6 4. Bc4 Bc5 5. O-O d6 6. h3 O-O 7. d3 h6 8. Bd2
Bd7 9. a3 a6 10. b4 Bd4 11. Nxd4 Nxd4 12. Nd5 b5 13. Nxf6+ Qxf6 14. Bd5 c6 15.
Ba2 Qg6 16. Kh1 Rac8 17. c3 Ne6 18. d4 exd4 19. cxd4 Qxe4 20. d5 Nc7 21. Qf3
Qxf3 22. gxf3 Nxd5 23. h4 Be6 24. Rfe1 Rfe8 25. f4 Kh8 26. f5 Bxf5 27. Rxe8+
Rxe8 28. Re1 Rxe1+ 29. Bxe1 Kh7 30. h5 Bg4 31. Bb1+ Kg8 32. Kg2 Ne7 33. Kg3
Bxh5 34. f4 Bg6 35. Bxg6 fxg6 36. Bc3 Kf7 37. Kf3 Nf5 38. Bd2 Ke6 39. Be3 Nxe3
40. Kxe3 c5 41. Ke4 h5 0-1

[Event "ODEM U25B 2012"]
[Site "Oberhof GER"]
[Date "2012.05.27"]
[Round "1"]
[White "Granzin, David"]
[Black "Grund, Melanie"]
[Result "1-0"]
[Termination "normal"]
[Board "27"]
[WhiteElo "1289"]
[BlackElo "885"]
[PlyCount "95"]
[WhiteFideId "12922145"]
[BlackFideId "12988804"]
[EventCountry "GER"]
[EventRounds "9"]
[EventType "swiss"]
[EventDate "2012.05.26"]

1. e4 e5 2. Nf3 Nc6 3. d4 exd4 4. Nxd4 Nge7 5. Bf4 d6 6. Bb5 Bd7 7. Nc3 a6 8.
Bc4 Nxd4 9. Qxd4 Nc6 10. Qd3 Nb4 11. Qd2 Be7 12. O-O-O O-O 13. a3 Nc6 14. Qd3
Bg5 15. Qg3 Bxf4+ 16. Qxf4 Be6 17. Bd5 Bxd5 18. Rxd5 Ne7 19. Rd3 Ng6 20. Qg4
Ne5 21. Qh5 Nxd3+ 22. cxd3 g6 23. Qh6 Qf6 24. Nd5 Qg7 25. Qh4 c6 26. Nf6+ Kh8
27. f4 a5 28. Rf1 b5 29. Rf3 h5 30. g4 Qh6 31. Rh3 Kg7 32. gxh5 Rfd8 33. Kc2
Ra7 34. Ng4 Qxf4 35. h6+ Kh7 36. Nf6+ Qxf6 37. Qxf6 Rg8 38. Qxd6 Raa8 39. Qf6
b4 40. Qxf7+ Kh8 41. axb4 axb4 42. Rg3 Raf8 43. Qe6 Rf2+ 44. Kb3 Kh7 45. Qxc6
Rxh2 46. Qc7+ Kh8 47. Rxg6 Rh3 48. Rxg8+ 1-0

[Event "ODEM U25B 2012"]
[Site "Oberhof GER"]
[Date "2012.05.27"]
[Round "1"]
[White "Bossert, Felix"]
[Black "Hacklinger, Leon"]
[Result "1-0"]
[Termination "normal"]
[Board "29"]
[WhiteElo "1284"]
[BlackElo "877"]
[PlyCount "61"]
[WhiteFideId "12960977"]
[BlackFideId "16205111"]
[EventCountry "GER"]
[EventRounds "9"]
[EventType "swiss"]
[EventDate "2012.05.26"]

1. d4 e6 2. c4 f5 3. Nf3 Nf6 4. g3 Be7 5. Bg2 O-O 6. O-O c6 7. Nc3 d5 8. Ne5
Nbd7 9. Bf4 Nxe5 10. Bxe5 dxc4 11. e3 Bd6 12. Bxd6 Qxd6 13. Qa4 b5 14. Qc2 Ba6
15. a4 b4 16. Nd1 b3 17. Qc3 Ne4 18. Bxe4 fxe4 19. Qa5 Bc8 20. Nc3 e5 21. Qxe5
Qg6 22. Qxe4 Qh6 23. Rac1 Bh3 24. Rfd1 Rae8 25. Qh4 Rxe3 26. Qxh6 gxh6 27. fxe3
Bg4 28. Rf1 Re8 29. Rce1 Bh3 30. Rf6 Kg7 31. Rxc6 1-0

[Event "ODEM U25B 2012"]
[Site "Oberhof GER"]
[Date "2012.05.27"]
[Round "1"]
[White "Arnold, Alexandria"]
[Black "Koll, Lukas"]
[Result "0-1"]
[Termination "normal"]
[Board "30"]
[WhiteElo "872"]
[BlackElo "1282"]
[PlyCount "32"]
[WhiteFideId "16205383"]
[BlackFideId "12969737"]
[EventCountry "GER"]
[EventRounds "9"]
[EventType "swiss"]
[EventDate "2012.05.26"]

1. e4 e5 2. Nf3 Nc6 3. Nc3 Nf6 4. Bc4 Bc5 5. d3 h6 6. Bd2 d6 7. a3 Bg4 8. h3
Bh5 9. g4 Nxg4 10. hxg4 Bxg4 11. Be3 Bb6 12. Qe2 Qf6 13. Qf1 Qxf3 14. Bg5 Bxf2+
15. Kd2 O-O 16. Bh4 Qe3# 0-1

[Event "ODEM U25B 2012"]
[Site "Oberhof GER"]
[Date "2012.05.27"]
[Round "1"]
[White "Riedel, Erich"]
[Black "Kobald, Pierre"]
[Result "1-0"]
[Termination "normal"]
[Board "31"]
[WhiteElo "1276"]
[BlackElo "869"]
[PlyCount "43"]
[WhiteFideId "12958646"]
[BlackFideId "12983659"]
[EventCountry "GER"]
[EventRounds "9"]
[EventType "swiss"]
[EventDate "2012.05.26"]

1. e4 c5 2. Nf3 g6 3. d4 cxd4 4. Nxd4 Bg7 5. c4 Nc6 6. Be3 Nf6 7. Nc3 O-O 8.
Be2 b6 9. f3 Bb7 10. O-O Rc8 11. Rc1 Ne5 12. b3 a6 13. Kh1 e6 14. f4 Neg4 15.
Bxg4 h5 16. Bf3 b5 17. cxb5 axb5 18. e5 Nd5 19. Nxd5 exd5 20. Nxb5 Rb8 21. Nd6
f6 22. Nxb7 1-0

[Event "ODEM U25B 2012"]
[Site "Oberhof GER"]
[Date "2012.05.27"]
[Round "1"]
[White "Lange, Alina"]
[Black "Schier, Lukas"]
[Result "0-1"]
[Termination "normal"]
[Board "32"]
[WhiteElo "859"]
[BlackElo "1272"]
[PlyCount "118"]
[EventCountry "GER"]
[EventRounds "9"]
[EventType "swiss"]
[EventDate "2012.05.26"]

1. c4 e6 2. Nf3 d5 3. cxd5 exd5 4. d3 Bf5 5. g3 Nf6 6. Bg2 Bb4+ 7. Bd2 Bxd2+ 8.
Nbxd2 O-O 9. O-O Nc6 10. Re1 Re8 11. Rc1 Rb8 12. Qc2 d4 13. e4 dxe3 14. Rxe3
Rxe3 15. fxe3 Qxd3 16. Qxd3 Bxd3 17. Rc3 Bb5 18. Kf2 Rd8 19. b3 Ne8 20. a4 Ba6
21. Rc2 Nb4 22. Rc3 Nd3+ 23. Kf1 Nf4+ 24. Nc4 Nxg2 25. Kxg2 g6 26. b4 c6 27.
Na3 Nd6 28. Rc5 Bd3 29. Ne5 Be4+ 30. Nf3 Nf5 31. Kf2 Rd3 32. Nc2 b6 33. Re5 Bd5
34. e4 Be6 35. exf5 gxf5 36. Nfd4 Kg7 37. Nxf5+ Kf6 38. Re3 Rd2+ 39. Re2 Rxe2+
40. Kxe2 Bxf5 41. Nd4 Be4 42. Ke3 Ke5 43. h4 f5 44. h5 Kd5 45. b5 c5 46. Nc2
Bxc2 47. h6 Ke5 48. Kd2 Bxa4 49. Kc3 Bxb5 50. Kd2 a5 51. Kc3 Ke4 52. Kb3 a4+
53. Ka3 Kd3 54. Kb2 c4 55. Ka2 c3 56. Kb1 Kd2 57. Ka1 c2 58. Ka2 c1=Q 59. g4 a3
0-1

[Event "ODEM U25B 2012"]
[Site "Oberhof GER"]
[Date "2012.05.27"]
[Round "1"]
[White "Dittrich, Tom"]
[Black "Kluge, Helene"]
[Result "1-0"]
[Termination "normal"]
[Board "33"]
[WhiteElo "1627"]
[BlackElo "827"]
[PlyCount "75"]
[WhiteFideId "12923532"]
[BlackFideId "12983179"]
[EventCountry "GER"]
[EventRounds "9"]
[EventType "swiss"]
[EventDate "2012.05.26"]

1. e4 e5 2. Nf3 Nc6 3. Bc4 Bc5 4. c3 Nf6 5. d4 exd4 6. cxd4 Bb6 7. e5 Ne4 8.
O-O d5 9. exd6 Qxd6 10. Re1 f5 11. Be3 Bd7 12. Ng5 Qb4 13. b3 O-O-O 14. Nf7
Bxd4 15. Bxd4 Nxd4 16. Nxd8 Rxd8 17. a3 Qd6 18. Nd2 Bc6 19. Nxe4 Bxe4 20. Bd3
Qg6 21. Bxe4 fxe4 22. Kh1 Ne6 23. Qc2 Rd4 24. Rad1 Nf4 25. g3 Nd3 26. Re2 Qg4
27. Rf1 Qf3+ 28. Kg1 Qg4 29. Re3 Qh3 30. Qc3 Rd6 31. Qxg7 Rh6 32. Qf8+ Kd7 33.
Qf7+ Kd6 34. Rd1 Kc6 35. b4 Nf4 36. Rc3+ Kb6 37. Qxc7+ Kb5 38. Qc5+ 1-0

[Event "ODEM U25B 2012"]
[Site "Oberhof GER"]
[Date "2012.05.27"]
[Round "1"]
[White "Kung, Fanny"]
[Black "Giede, Anna-Blume"]
[Result "0-1"]
[Termination "normal"]
[Board "34"]
[WhiteElo "825"]
[BlackElo "1250"]
[PlyCount "98"]
[WhiteFideId "12987689"]
[BlackFideId "12921980"]
[EventCountry "GER"]
[EventRounds "9"]
[EventType "swiss"]
[EventDate "2012.05.26"]

1. e4 c5 2. Nf3 e6 3. d4 cxd4 4. Nxd4 a6 5. Nc3 Qc7 6. Bd3 Bb4 7. Bd2 Nf6 8.
O-O O-O 9. a3 Bd6 10. f4 Bc5 11. Be3 Nc6 12. Be2 e5 13. Nf5 Bxe3+ 14. Nxe3 exf4
15. Nc4 Re8 16. Nd6 Re6 17. Nxc8 Rxc8 18. e5 Qxe5 19. Bc4 Qc5+ 20. Kh1 Qxc4 21.
Re1 Rxe1+ 22. Qxe1 Re8 23. Qf2 Qd4 24. Qxd4 Nxd4 25. Kg1 Nxc2 26. Rc1 Re1+ 27.
Rxe1 Nxe1 28. b4 Nc2 29. Kf2 Nxa3 30. Kf3 Nb5 31. Nxb5 axb5 32. Kxf4 Nd5+ 33.
Ke5 Nxb4 34. Kd6 Nd3 35. Kxd7 b4 36. Kc7 b3 37. Kxb7 b2 38. g4 b1=Q+ 39. Kc6
Kf8 40. h4 Ke7 41. g5 Ke6 42. g6 Qc2+ 43. Kb7 fxg6 44. h5 gxh5 45. Kb8 Kd7 46.
Ka7 Qb3 47. Ka6 Qb4 48. Ka7 Kc6 49. Ka8 Qb7# 0-1

[Event "ODEM U25B 2012"]
[Site "Oberhof GER"]
[Date "2012.05.27"]
[Round "1"]
[White "Suvorov, Alexander"]
[Black "Reuker, Ronja"]
[Result "1-0"]
[Termination "normal"]
[Board "35"]
[WhiteElo "1223"]
[BlackElo "825"]
[PlyCount "87"]
[WhiteFideId "12977063"]
[BlackFideId "12947172"]
[EventCountry "GER"]
[EventRounds "9"]
[EventType "swiss"]
[EventDate "2012.05.26"]

1. d4 d5 2. Nf3 Nc6 3. c4 Nf6 4. Nc3 e6 5. Bg5 Bb4 6. e3 Bxc3+ 7. bxc3 O-O 8.
cxd5 exd5 9. Bd3 h6 10. Bh4 Qd6 11. O-O Ne4 12. Bxe4 dxe4 13. Nd2 Qa3 14. Nxe4
Bf5 15. Nc5 b6 16. e4 bxc5 17. exf5 Qxc3 18. dxc5 Qxc5 19. f6 g6 20. Qf3 Ne5
21. Qf4 g5 22. Rac1 Qd6 23. Qg3 Qxf6 24. f4 Qb6+ 25. Kh1 Ng6 26. fxg5 hxg5 27.
Qxg5 Rae8 28. Bg3 Qe3 29. Qxe3 Rxe3 30. Rxc7 Rfe8 31. Rxa7 Nf4 32. Bxf4 Re1 33.
Kg1 R8e2 34. Rxe1 Rxe1+ 35. Kf2 Re4 36. Kf3 Re1 37. a4 Ra1 38. a5 Ra3+ 39. Ke4
Ra4+ 40. Kf5 Kg7 41. g3 Kh8 42. Be5+ Kg8 43. Ra8+ Kh7 44. Rh8# 1-0

[Event "ODEM U25B 2012"]
[Site "Oberhof GER"]
[Date "2012.05.27"]
[Round "1"]
[White "Silber, Kevin"]
[Black "Bossert, Moritz"]
[Result "1-0"]
[Termination "normal"]
[Board "37"]
[WhiteElo "1196"]
[BlackElo "787"]
[PlyCount "53"]
[WhiteFideId "12930440"]
[BlackFideId "16239946"]
[EventCountry "GER"]
[EventRounds "9"]
[EventType "swiss"]
[EventDate "2012.05.26"]

1. e4 e6 2. d4 d5 3. e5 c5 4. c3 Nc6 5. Nf3 Qb6 6. Bd3 c4 7. Bc2 g6 8. b3 cxb3
9. axb3 Nh6 10. Bd2 Nf5 11. Bg5 h6 12. Bf6 Ng7 13. Nh4 g5 14. Nf3 Bd7 15. Na3
Rg8 16. Qc1 Be7 17. Bh7 Bxf6 18. Bxg8 Be7 19. Qb2 Nf5 20. Bh7 Bxa3 21. Qxa3
O-O-O 22. g4 Rh8 23. gxf5 Rxh7 24. Qf8+ Nd8 25. Qg8 Qxb3 26. O-O Qxc3 27. Rac1
1-0

[Event "ODEM U25B 2012"]
[Site "Oberhof GER"]
[Date "2012.05.27"]
[Round "1"]
[White "Gazizova, Alina"]
[Black "Thumm, Niklas"]
[Result "0-1"]
[Termination "normal"]
[Board "38"]
[WhiteElo "767"]
[BlackElo "1183"]
[PlyCount "148"]
[WhiteFideId "12951366"]
[BlackFideId "12918733"]
[EventCountry "GER"]
[EventRounds "9"]
[EventType "swiss"]
[EventDate "2012.05.26"]

1. e4 e5 2. Nf3 Nc6 3. d4 d6 4. dxe5 dxe5 5. Qxd8+ Nxd8 6. Nxe5 Nf6 7. Nc3 Bb4
8. Bg5 Nxe4 9. Bd2 Nxd2 10. Kxd2 O-O 11. Rd1 Ne6 12. Nd3 Rd8 13. Kc1 Bxc3 14.
bxc3 Ng5 15. Nf4 Rxd1+ 16. Kxd1 Ne4 17. Rg1 Nxc3+ 18. Kd2 Nxa2 19. Bc4 Nb4 20.
Re1 Bf5 21. Nd3 Nxd3 22. cxd3 a5 23. Re7 Be6 24. Rxc7 Bxc4 25. Rxc4 a4 26. Kc1
a3 27. Kb1 g6 28. Ka2 b5 29. Rb4 Ra5 30. d4 Kg7 31. f4 Kf6 32. g4 h5 33. h3 h4
34. d5 Ke7 35. f5 g5 36. Rd4 Kd6 37. f6 Ra4 38. Rxa4 bxa4 39. Kxa3 Kxd5 40.
Kxa4 Ke6 41. Kb5 Kxf6 42. Kc4 Ke5 43. Kd3 f5 44. Ke2 fxg4 45. hxg4 Kf4 46. Kf2
Kxg4 47. Kg2 h3+ 48. Kh2 Kh4 49. Kh1 Kg3 50. Kg1 h2+ 51. Kh1 Kf2 52. Kxh2 g4
53. Kh1 Kg3 54. Kg1 Kh3 55. Kh1 g3 56. Kg1 g2 57. Kf2 Kh2 58. Kf3 g1=Q 59. Ke4
Qf2 60. Kd5 Qe3 61. Kc4 Qd2 62. Kc5 Qd3 63. Kc6 Qd4 64. Kc7 Qd5 65. Kc8 Qd6 66.
Kb7 Qc5 67. Ka6 Qb4 68. Ka7 Qb5 69. Ka8 Kg3 70. Ka7 Kf4 71. Ka8 Ke5 72. Ka7 Kd6
73. Ka8 Kc7 74. Ka7 Qa4# 0-1

[Event "ODEM U25B 2012"]
[Site "Oberhof GER"]
[Date "2012.05.27"]
[Round "1"]
[White "Tsoumanis, Neoptolemos"]
[Black "Müdder, Melanie"]
[Result "1-0"]
[Termination "normal"]
[Board "39"]
[WhiteElo "1181"]
[BlackElo "761"]
[PlyCount "43"]
[BlackFideId "12994103"]
[EventCountry "GER"]
[EventRounds "9"]
[EventType "swiss"]
[EventDate "2012.05.26"]

1. e4 e5 2. Nf3 Nc6 3. Nc3 Nf6 4. d4 exd4 5. Nxd4 Nxd4 6. Qxd4 c6 7. Bg5 Be7 8.
e5 Nh5 9. Bxe7 Qxe7 10. Be2 d6 11. Bxh5 dxe5 12. Qe3 Bf5 13. O-O-O O-O 14. Rhe1
Qb4 15. Qxe5 Be6 16. Re4 Qe7 17. Bg4 c5 18. Bxe6 b5 19. Nd5 Qb7 20. Bf5 Qa6 21.
Rg4 Rfe8 22. Qxg7# 1-0

[Event "ODEM U25B 2012"]
[Site "Oberhof GER"]
[Date "2012.05.27"]
[Round "1"]
[White "Gazizov, Erik"]
[Black "Moos, Daniel"]
[Result "0-1"]
[Termination "normal"]
[Board "40"]
[WhiteElo "747"]
[BlackElo "1173"]
[PlyCount "46"]
[WhiteFideId "12951358"]
[EventCountry "GER"]
[EventRounds "9"]
[EventType "swiss"]
[EventDate "2012.05.26"]

1. e4 g6 2. f4 Bg7 3. Nc3 d6 4. d3 Nf6 5. Be3 O-O 6. Qd2 Ng4 7. Be2 Nxe3 8.
Qxe3 Nc6 9. a3 Nd4 10. O-O-O Bd7 11. Nf3 c5 12. b4 Nxf3 13. Bxf3 Bxc3 14. bxc5
Qa5 15. Rdf1 Qxa3+ 16. Kd1 Qxc5 17. d4 Bxd4 18. Qb3 Be3 19. Qd3 Bb5 20. Qb3
Qd4+ 21. Qd3 Bxd3 22. cxd3 Qxd3+ 23. Ke1 Qd2# 0-1